| 000 | 00500nmm a2200157Ia 4500 | ||
|---|---|---|---|
| 008 | 251105s9999||||xx |||||||||||||||||und|| | ||
| 041 | _aspa | ||
| 100 | _aCazorla Castellón, Antonio | ||
| 245 | 0 | _aElvira Lindo y el oficio de la escritura: un estudio de su obra autobiográfica | |
| 264 |
_a[Madrid, España] : _bDykinson, _c2023 |
||
| 300 | _a162 páginas | ||
| 490 | _aEscritoras y Escrituras | ||
| 650 | _aBiography | ||
| 856 | _uhttps://public.digitaliapublishing.com/a/129093 | ||
| 942 | _cCF | ||
| 999 |
_c99291 _d99291 |
||